000 00661nam a22002177a 4500
003 0
005 20260204150527.0
008 260204b xxu||||| |||| 00| 0 eng d
020 _a978-1-4748-8312-2
050 _aER
_bSta795 2017
082 _aER
_bSta795 2017
100 _aSmith, Geof
245 _aStar wars : return of the Jedi
_cadapted by Geof Smith; illustrated by Ron Cohee.
260 _aBath, UK :
_bParragon Books Ltd,
_c2017.
300 _a24 unnumbered pages :
_bcolored illustrations ;
_c20 cm.
546 _ain English
650 _aScience fiction.
650 _aStar wars fiction.
650 _aSpace warfare
_vFiction.
942 _2ddc
_cBK
999 _c368786
_d368786